Quizzes
Events
Quiz Creation
Community
Videos
Private Events
Remove Ads
Sign In
Join for FREE
Feedback
Dark Mode
Quiz Categories
Sports
Geography
Music
Movies
Television
Just For Fun
Miscellaneous
History
Literature
Language
Science
Gaming
Entertainment
Religion
Holiday
For Kids
Quiz Lab
Recent
Popular Today
Quiz Kudos Today
Editor Picks
Curator Picks
Quizzes by...
Day
Popularity
Type
Ratings
Length
Year
Community
Subscriptions
Recent Discussions
Orange Saloon
Badges
Playlists
Quests
Create
Leaderboards
Showdown
Live 5
Trivia Bingo
Activity
Puzzle Library
Sporcle Events
Private Events
Virtual Trivia
Globe League
Become a Host
Pub Owners
SporcleCon
Opinionation
Our Games
Videos
Blog
Mobile Apps
Partnerships
Remove Ads and Go Orange
Feedback
Movies
Disney
Marvel Cinematic Universe
Movie Resume
Movie Titles
Oscar
Actor
Actress
Director
Pixar
Role
Movie Quotes
Movie Characters
Box Office
Nominee
Best Picture
Star Wars
James Bond
Horror Movies
Movies
Disney
Marvel Cinematic Universe
Movie Resume
Movie Titles
Oscar
Actor
Actress
Director
Pixar
Role
Movie Quotes
Movie Characters
Box Office
Nominee
Best Picture
Star Wars
James Bond
Horror Movies
Random Quiz
Search Sporcle
×
Quiz Lab
Quiz Lab
Movies
Type in answers that appear in a list
Type in answers that appear in a list
Classic
Best Score? Go Orange.
Directors by Signature or Trademark Stats
Can you name the Directors by Signature or Trademark?
By
FilmWalrus
20m
100 Questions
557 Plays
557 Plays
557 Plays
Comments
Comments
Give Quiz Kudos
Give Quiz Kudos
-
- Ratings
hide this ad
More Info
Random Order
Randomize order of answers
Randomize order of answers
Replay
Link that replays current quiz
Next Quiz
Link to next quiz in quiz playlist
You Got
0%
They Got
Avg Score
49%
Avg Friend Score
Upgrade to see
Score Distribution
Jump to the score distribution portion of the page
Score
0/100
Timer
20:00
0
Plays Today
Signature/Trademark
Director
% Correct
Film references and ironic violence
Quentin Tarantino
88.9%
The Mafia, De Niro and New York
Martin Scorsese
87.6%
Blondes, Freud and McGuffins
Alfred Hitchcock
86.5%
A childlike sense of wonder
Steven Spielberg
86.2%
Neurotic Jewish intellectual leads
Woody Allen
84.2%
Perfectionism and classical music
Stanley Kubrick
77%
American race relations
Spike Lee
76.5%
Samurai
Akira Kurosawa
75.4%
Spaghetti westerns
Sergio Leone
74.9%
1138
George Lucas
74.9%
Suburbia, NJ and Silent Bob
Kevin Smith
74.1%
Big-
budget genre blockbusters
James Cameron
72.7%
Vietnam and US presidents
Oliver Stone
72.4%
Gothic art design
Tim Burton
71.3%
Nonlinear modern noirs
Christopher Nolan
70.4%
Doves and explosions
John Woo
70%
Twist endings
M. Night Shyamalan
69.7%
Revisionist revenge westerns
Clint Eastwood
69.5%
Zombies
George Romero
69.1%
Helicopters and sunsets
Michael Bay
68.4%
Dolly 'rush-
ins' and Bruce Campbell
Sam Raimi
67.9%
Arctic austerity
Ingmar Bergman
67.5%
Shy vagrant with derby and mustache
Charlie Chaplin
67%
Monument Valley
John Ford
66.6%
Quirky highbrow humor
Wes Anderson
65.9%
Oscar-
winning comedies and noir
Billy Wilder
65.7%
DIY FX, synthesizers and Kurt Russell
John Carpenter
65.2%
Dream sequences and vintage music
David Lynch
63.4%
Jump cuts, Marxism and Anna Karina
Jean-Luc Godard
63.2%
Gallows humor and sardonic violence
Joen and Ethan Coen
62.7%
80's pop music, teens and Shermer, IL
John Hughes
61.2%
Sentimental feel-
good wholesomeness
Frank Capra
61%
Deep focus B/
W noirs
Orson Welles
61%
Body horror
David Cronenberg
60.7%
Signature/Trademark
Director
% Correct
Darkness, rain and grime
David Fincher
58.7%
Ensemble casts
Robert Altman
58.3%
Alternating indie and mainstream
Steven Soderbergh
57.6%
Split-
screen and psychological thrills
Brian De Palma
57.5%
Trains, stunts and slapstick
Buster Keaton
57.1%
Giallo
Dario Argento
56.2%
Terribleness
Ed Wood
55.3%
Love, Paris and Antoine Doinel
Francois Truffaut
54.9%
Rome, upperclass decadence and sex
Federico Fellini
54.2%
Sweeping cinemascope epics
David Lean
53.7%
Anticlerical, anti-
bourgeois surrealism
Luis Bunuel
53.3%
Shadows, Expressionism and crime
Fritz Lang
53.1%
Puppets
Frank Oz
51.5%
Parodies and puns
Mel Brooks
50.6%
Low, static camera w/
50mm lens
Yasujiro Ozu
49.7%
Jimmy Stewart w/
a dark past
Anthony Mann
48.1%
Montage and Soviet propaganda
Sergei Eisenstein
47.6%
Fast-
paced witty dialogue
Howard Hawks
46.5%
Crudity and camp
John Waters
46.1%
Obsessive dreamers and madmen
Werner Herzog
46%
Animation and environmentalism
Hayao Miyazaki
45.6%
Flamboyant technicolor musicals
Vincente Minnelli
45.4%
Sex, politics and history
Bernardo Bertolucci
44.9%
Dense, imaginative dark comedies
Terry Gilliam
44.7%
French countryside and poetic realism
Jean Renoir
44.2%
Symbolic technicolor melodramas
Douglas Sirk
43.3%
3 interlocking circles
Walt Disney
42.5%
Slow-
motion blood spurts
Sam Peckinpah
42.2%
Deadpan B/
W meditations on boredom
Jim Jarmusch
42%
Improvisation, NYC and masculinity
John Cassavetes
41.3%
Non-
actors, realism and Ingrid Bergman
Roberto Rossellini
40.6%
Low budget double features and Poe
Roger Corman
39.9%
Rotoscoping and adult animation
Ralph Bakshi
38.8%
Emotional gauntlets and controversy
Lars von Trier
38.6%
Signature/Trademark
Director
% Correct
Style, mood and repeated music
Wong Kar-wai
38.1%
Literary costume dramas
James Ivory
37.7%
Sex, desire and family
Pedro Almodovar
37.5%
Existential reveries on modern life
Michelangelo Antonioni
37.3%
Light, elegant, sophisticated 'touch'
Ernst Lubitsch
37%
Sex, composers and psychedelia
Ken Russell
36.6%
Working class UK and social realism
Ken Loach
35%
Marlene Dietrich in soft focus
Josef von Sternberg
33.9%
Gore, shock and yakuza
Takashi Miike
33.8%
Metaphysics, memory and time
Andrei Tarkovsky
33.6%
Long takes, B/
W and Hungary
Bela Tarr
32.9%
Winnipeg and silent movie styles
Guy Maddin
32%
Italian horror and colored lighting
Mario Bava
30.5%
Gimmicks
William Castle
30.3%
Revenge, brutality and precision
Park Chan-wook
30%
Road movies and rock music
Wim Wenders
28.2%
Vermeer, Nyman, numbers and lists
Peter Greenaway
27.8%
Saturated colors and Gong Li
Zhang Yimou
27.1%
Long takes, morality and Belgium
Jean-Pierre and Luc Dardenne
25.3%
'Message' movies
Stanley Kramer
25.1%
Long takes, car rides and Iran
Abbas Kiarostami
25%
Long takes, tracking shots and Greece
Theo Angelopoulos
24.8%
Heists w/
minimal dialogue
Jean-Pierre Melville
24.4%
Opulence, crane shots and female leads
Max Ophuls
24.1%
Cyborgs and basset hounds
Mamoru Oshii
23.9%
Long takes, geisha and Japan
Kenji Mizoguchi
23%
Taiwan's troubled history
Hou Hsiao-Hsien
21%
Moral dilemmas and long talks
Eric Rohmer
21%
Sex, alienation and discomfort
Atom Egoyan
20.8%
Painted, scratched and glued film stock
Stan Brakhage
19.7%
Stop-
motion mixed w/
live action
Jan Svankmajer
16.3%
Wry, stilted, deadpan delivery
Hal Hartley
10.4%
Quiz Playlist
Details
Report
Send in Message
Add To Playlist
More Info:
You can just type the last name
Classic:
Type in answers that appear in a list
Random Order:
Randomize order of answers
Last Updated: Feb 16, 2017
Quiz Scoreboard
CHALLENGE
Sign Up to Join the Scoreboard
Show All
Scores
Hide
Comments
May contain spoilers
Recently Published
Popular People in 1961
by mucciniale
History
6m
1-10 Letter E Words III
by El_Dandy
Language
2m
One Thing in Common: World Cities II
by knightlancer
Geography
7m
More to Explore
Quiz From the Vault
Featured Blog Post
Where Did the Easter Bunny Come From?
hide this ad
You Might Also Like...
Tags
This quiz does not have any tags.
Today's Top Quizzes in Movies
Browse Movies
hide this ad
Top Contributed Quizzes in Movies
1
Multi-Oscar Nominations, One Movie, One Winner
2
12 Movies about Fictional 1960s Events
3
One Thing in Common: Movies
4
Three Word 'T' Movies Match Up
5
Sunday Crossword: Film Score Composers
6
One Thing in Common: Movies II
7
Three Word 'H' Movies Match Up
8
Three Word 'M' Movies Match Up
9
One Thing in Common: Oscars
10
Three Word 'P' Movies Match Up
Explore More
Trending Topics
Kpop
Anime
Crossword
Disney
NBA
Harry Potter
Marvel
The Office
Pokémon
Song
WWE
Country
NFL
Puzzle
Soccer
hide this ad
More By:
FilmWalrus
Quiz
Plays
Rating
Category
Featured
Created
100 Time-Travel Movies
1,114
4.33
Movies
Mar 9, 2010
Cat, Dog or Rodent Animated Movies
869
4.25
Movies
Mar 18, 2016
Mean, Median, Mode, and Range
561
4.80
Science
Mar 20, 2016
Directors by Signature or Trademark
557
3.86
Movies
Mar 11, 2010
Chess Logic - 7 Missing Pawns
405
4.00
Just For Fun
Dec 30, 2017
Go to Creator's Profile
Score Distribution
Quiz Creator Spotlight
FilmWalrus
Follow
Send a Message
Quizzes Created
-
Created Quiz Play Count
-
More By This Creator
Popular Quizzes Today
1
Find the US States - No Outlines Minefield
2
The Countries of the World
3
Find the Countries of Europe - No Outlines Minefield
4
Popular People in 1961
5
1-10 Letter E Words III
6
Find the US States
7
One Thing in Common: World Cities II
8
US States
More Movies Quizzes
50 Flicks to Click (2021)
Published
Trending Quizzes
Risky Map Clicking: Least Populous States A-Z
1-10 Letter F Words
1-10 Letter G Words
One Thing in Common: United Kingdom
Risky Map Clicking: Next State Alphabetically
Recently Updated
Leaping Animals
pecheneg
Reality TV Shows (A-Z)
bhenderson79
Rickey Henderson's Hall of Fame Teammates
pecheneg
Champions League XIs: Arsenal
pecheneg
Quick Pick: Celebrities in WWE's Hall of Fame
aduchscher
A-Z Keypad Blitz II
pecheneg
Multiple Oscar Actors
pecheneg
Mystery Phrase Blitz: Oscar 'Best Actors'
pecheneg
F. Scott Fitzgerald Novels
LTH
Pick 3 Villains
ddd62291
Trending Topics
Disney
Marvel
NBA
Crossword
Harry Potter
Kpop
Anime
Soccer
WWE
Song
Pokémon
The Office
Puzzle
NFL
Country
Your Account Isn't Verified!
In order to create a playlist on Sporcle, you need to verify the email address you used during registration. Go to your
Sporcle Settings
to finish the process.
Report this User
Report this user for behavior that violates our
Community Guidelines
.
Details:
Send Report
Go to the Sporcle.com Mobile Site →
Comments